[Event "BCF-chT2a 1112 (4NCL)"]
[Site "England"]
[Date "2012.02.12"]
[Round "6.2"]
[White "Kwiatkowski, Feliks Jerzy"]
[Black "Chevannes, Sabrina"]
[Result "0-1"]
[WhiteElo "2241"]
[BlackElo "2067"]
[PlyCount "92"]
[EventDate "2011.11.12"]
[EventType "team-tourn"]
[EventRounds "7"]
[EventCountry "ENG"]
[SourceTitle "EXT 2013"]
[Source "ChessBase"]
[SourceDate "2012.11.22"]
[SourceVersion "1"]
[SourceVersionDate "2012.11.22"]
[SourceQuality "1"]
[WhiteTeam "Kings Head"]
[BlackTeam "Cambridge II"]
[WhiteTeamCountry "ENG"]
[BlackTeamCountry "ENG"]

1. e4 c6 2. d4 d5 3. Nc3 dxe4 4. Nxe4 Nd7 5. Ng5 e6 6. Bd3 Be7 7. N1f3 h6 8. Ne4 Ngf6 9. Qe2 c5 10. dxc5 Nxe4 11. Qxe4 Nxc5 12. Bb5+ Bd7 13. Bxd7+ Qxd7 14. Qe2 0-0 15. 0-0 Rad8 16. b3 Bf6 17. Rb1 Qc6 18. Ba3 Rfe8 19. Rfe1 Bc3 20. Red1 Ne4 21. Rd3 Bf6 22. Bb4 Rxd3 23. Qxd3 Nxf2 24. Kxf2 Qb6+ 25. Qe3 Qxb4 26. Qxa7 Rc8 27. c4 Rxc4 28. bxc4 Qxb1 29. Qa4 g5 30. Qb3 Qe4 31. h3 h5 32. g4 hxg4 33. hxg4 Qxg4 34. Qxb7 Qxc4 35. Qa8+ Kg7 36. a4 g4 37. Ng1 Bd4+ 38. Kg2 Qc2+ 39. Kh1 Qd1 40. Qg2 Bxg1 41. Qxg1 Qxa4 42. Qe3 Qd1+ 43. Kh2 Qc2+ 44. Kh1 Qf5 45. Qd4+ e5 46. Qc5 g3 0-1

[Event "BCF-chT2a 1112 (4NCL)"]
[Site "England"]
[Date "2012.02.11"]
[Round "5.2"]
[White "Byway, Paul V"]
[Black "Kwiatkowski, Feliks Jerzy"]
[Result "1-0"]
[WhiteElo "2172"]
[BlackElo "2241"]
[PlyCount "80"]
[EventDate "2011.11.12"]
[EventType "team-tourn"]
[EventRounds "7"]
[EventCountry "ENG"]
[SourceTitle "EXT 2013"]
[Source "ChessBase"]
[SourceDate "2012.11.22"]
[SourceVersion "1"]
[SourceVersionDate "2012.11.22"]
[SourceQuality "1"]
[WhiteTeam "Poisoned Pawns"]
[BlackTeam "Kings Head"]
[WhiteTeamCountry "ENG"]
[BlackTeamCountry "ENG"]

1. Nf3 c5 2. c4 Nc6 3. g3 g6 4. Bg2 Bg7 5. Nc3 d6 6. 0-0 Qd7 7. a3 b6 8. b4 Bb7 9. Rb1 e6 10. e3 Nge7 11. Bb2 0-0 12. d4 cxb4 13. axb4 Nxb4 14. Ba3 Nbc6 15. Ne4 d5 16. cxd5 exd5 17. Nd6 Ba6 18. Re1 Nc8 19. Ne5 Nxe5 20. dxe5 Bxe5 21. Bxd5 Nxd6 22. f4 Bc3 23. Bxa8 Rxa8 24. Qxd6 Qxd6 25. Bxd6 Bxe1 26. Rxe1 Rd8 27. Be5 Rd7 28. Bd4 f5 29. Ra1 Bd3 30. Rc1 Kf7 31. h3 Ke6 32. Rc3 Be4 33. g4 Rb7 34. Kf2 a5 35. Ra3 Kd5 36. Kg3 Kc4 37. Kh4 Kb4 38. Ra1 b5 39. Kg5 a4 40. h4 a3 1-0

[Event "BCF-chT2 1011 (4NCL)"]
[Site "England"]
[Date "2011.04.30"]
[Round "9.62"]
[White "Kwiatkowski, Feliks Jerzy"]
[Black "Kemp, Paul R"]
[Result "1-0"]
[WhiteElo "2235"]
[BlackElo "2108"]
[PlyCount "119"]
[EventDate "2010.11.06"]
[EventType "team-swiss"]
[EventRounds "11"]
[EventCountry "ENG"]
[SourceTitle "EXT 2012"]
[Source "ChessBase"]
[SourceDate "2011.11.24"]
[SourceVersion "1"]
[SourceVersionDate "2011.11.24"]
[SourceQuality "1"]
[WhiteTeam "Kings Head"]
[BlackTeam "Poisoned Pawns II"]
[WhiteTeamCountry "ENG"]
[BlackTeamCountry "ENG"]

1. e4 c6 2. d4 d5 3. Nc3 dxe4 4. Nxe4 Bf5 5. Ng3 Bg6 6. Nf3 Nd7 7. Bc4 e6 8. 0-0 Ngf6 9. Re1 Qc7 10. Nh4 0-0-0 11. c3 Nb6 12. Bb3 c5 13. Nxg6 hxg6 14. Qf3 Rh4 15. Bg5 Rh7 16. dxc5 Bxc5 17. h3 Be7 18. Rad1 Rhh8 19. Bf4 Qc6 20. Qxc6+ bxc6 21. Ne4 Nxe4 22. Rxe4 Bf6 23. Kf1 Rh4 24. Rxd8+ Kxd8 25. Bc2 Kc8 26. Ke2 Kb7 27. Bc1 Rxe4+ 28. Bxe4 Na4 29. Bc2 Nb6 30. Kd3 Nd5 31. Bd2 Be5 32. c4 Nb6 33. b4 Nd7 34. Bc3 c5 35. a3 a5 36. Ba4 Bxc3 37. Kxc3 axb4+ 38. axb4 cxb4+ 39. Kxb4 Nf6 40. Kc5 Kc7 41. Bc6 Nh5 42. g3 Nf6 43. h4 e5 44. Bd5 Nd7+ 45. Kb5 f6 46. Bf7 Kd6 47. Bxg6 Nc5 48. f3 Ne6 49. Kb6 Nc5 50. Bf5 Nb3 51. h5 Nc5 52. g4 Nb3 53. Be4 Nc5 54. Bd5 Na4+ 55. Kb7 Nc3 56. Bc6 Kc5 57. Kc7 Kxc4 58. Kd6 Ne2 59. Ke7 Nd4 60. Be4 1-0

[Event "Hastings Masters op 86th"]
[Site "Hastings"]
[Date "2011.01.05"]
[Round "9"]
[White "Rendle, Thomas E"]
[Black "Kwiatkowski, Feliks Jerzy"]
[Result "1-0"]
[WhiteElo "2400"]
[BlackElo "2246"]
[PlyCount "69"]
[EventDate "2010.12.28"]
[EventType "swiss"]
[EventRounds "9"]
[EventCountry "ENG"]
[SourceTitle "CBM 140 Extra"]
[Source "ChessBase"]
[SourceDate "2011.03.01"]
[SourceVersion "1"]
[SourceVersionDate "2011.03.01"]
[SourceQuality "1"]

1. e4 c5 2. Nf3 Nc6 3. Bb5 Nf6 4. e5 Nd5 5. 0-0 g6 6. c3 Bg7 7. d4 cxd4 8. cxd4 0-0 9. Nc3 Nc7 10. Bf4 Nxb5 11. Nxb5 a6 12. Nc3 d6 13. exd6 exd6 14. h3 Re8 15. Qd2 d5 16. Rfe1 Be6 17. Na4 Rc8 18. b4 b6 19. a3 Na7 20. Bh6 Bh8 21. Qf4 Bd7 22. Rxe8+ Bxe8 23. Ne5 f6 24. Nb2 Qc7 25. Qf3 Qd6 26. Ng4 Nc6 27. Bf4 Qe6 28. Qd3 b5 29. Qd2 Qe4 30. Re1 Qxd4 31. Nh6+ Kf8 32. Bd6+ Kg7 33. Re7+ Nxe7 34. Qxd4 Nc6 35. Qd2 1-0

[Event "Hastings Masters op 86th"]
[Site "Hastings"]
[Date "2011.01.04"]
[Round "8"]
[White "Lock, Gavin R"]
[Black "Kwiatkowski, Feliks Jerzy"]
[Result "1/2-1/2"]
[WhiteElo "2182"]
[BlackElo "2246"]
[PlyCount "28"]
[EventDate "2010.12.28"]
[EventType "swiss"]
[EventRounds "9"]
[EventCountry "ENG"]
[SourceTitle "CBM 140 Extra"]
[Source "ChessBase"]
[SourceDate "2011.03.01"]
[SourceVersion "1"]
[SourceVersionDate "2011.03.01"]
[SourceQuality "1"]

1. d4 Nf6 2. Nf3 e6 3. Bg5 h6 4. Bh4 c5 5. e3 b6 6. Nbd2 Bb7 7. Bd3 Be7 8. c3 cxd4 9. exd4 0-0 10. Bxf6 Bxf6 11. Qe2 d5 12. Ne5 Bxe5 13. Qxe5 Ba6 14. Bxa6 Nxa6 1/2-1/2

[Event "Hastings Masters op 86th"]
[Site "Hastings"]
[Date "2010.12.31"]
[Round "4"]
[White "Kwiatkowski, Feliks Jerzy"]
[Black "Gibson, Christopher A"]
[Result "1-0"]
[WhiteElo "2246"]
[BlackElo "1984"]
[PlyCount "65"]
[EventDate "2010.12.28"]
[EventType "swiss"]
[EventRounds "9"]
[EventCountry "ENG"]
[SourceTitle "CBM 140 Extra"]
[Source "ChessBase"]
[SourceDate "2011.03.01"]
[SourceVersion "1"]
[SourceVersionDate "2011.03.01"]
[SourceQuality "1"]

1. e4 c5 2. Nf3 Nc6 3. d4 cxd4 4. Nxd4 Nf6 5. Nc3 e5 6. Ndb5 d6 7. Bg5 a6 8. Na3 b5 9. Bxf6 gxf6 10. Nd5 f5 11. Bd3 Be6 12. 0-0 Bxd5 13. exd5 Ne7 14. c3 Bg7 15. Nc2 0-0 16. a4 bxa4 17. Rxa4 a5 18. Ne3 e4 19. Bc2 f4 20. Nc4 f5 21. Qd2 Ng6 22. f3 e3 23. Qe2 Kh8 24. Rfa1 Nh4 25. Kh1 Bh6 26. Rg1 Rg8 27. g3 Ra7 28. gxh4 Rxg1+ 29. Kxg1 Rg7+ 30. Kh1 Qxh4 31. Ra1 Qf2 32. Qxf2 exf2 33. Rf1 1-0

[Event "Hastings Masters op 86th"]
[Site "Hastings"]
[Date "2010.12.29"]
[Round "2"]
[White "Kwiatkowski, Feliks Jerzy"]
[Black "Sreeves, Clement"]
[Result "1/2-1/2"]
[WhiteElo "2246"]
[BlackElo "2104"]
[PlyCount "108"]
[EventDate "2010.12.28"]
[EventType "swiss"]
[EventRounds "9"]
[EventCountry "ENG"]
[SourceTitle "CBM 140 Extra"]
[Source "ChessBase"]
[SourceDate "2011.03.01"]
[SourceVersion "1"]
[SourceVersionDate "2011.03.01"]
[SourceQuality "1"]

1. e4 c5 2. Nf3 d6 3. d4 cxd4 4. Nxd4 Nf6 5. Nc3 g6 6. Be3 Bg7 7. f3 0-0 8. Qd2 Nc6 9. Bc4 Bd7 10. h4 Rc8 11. Bb3 h5 12. 0-0-0 Ne5 13. Kb1 Re8 14. Bh6 Nc4 15. Bxc4 Rxc4 16. Bxg7 Kxg7 17. Nd5 e5 18. Nxf6 Qxf6 19. Nb3 Rec8 20. Qxd6 Be6 21. c3 a5 22. Nxa5 Ra4 23. Nb3 Ra6 24. Qd2 Rca8 25. Qg5 Qxg5 26. hxg5 Rxa2 27. Kc2 b5 28. Nc1 R2a4 29. Nd3 Rc8 30. Ra1 f6 31. b3 Raa8 32. gxf6+ Kxf6 33. Rxa8 Rxa8 34. Kb2 Rd8 35. Rd1 h4 36. Kc2 Kg5 37. Nc5 Re8 38. Nxe6+ Rxe6 39. c4 bxc4 40. bxc4 Kf4 41. Kc3 h3 42. gxh3 Kxf3 43. c5 Kxe4 44. Rd6 Kf5 45. Rxe6 Kxe6 46. Kc4 g5 47. c6 Kd6 48. Kb5 Kc7 49. Kc5 e4 50. Kd4 Kxc6 51. Kxe4 Kd6 52. Kf5 Ke7 53. Kxg5 Kf8 54. Kh6 Kg8 1/2-1/2

[Event "BCF-chT2c 0910 (4NCL) Promotion pool"]
[Site "England"]
[Date "2010.03.28"]
[Round "8.3"]
[White "Kwiatkowski, Feliks Jerzy"]
[Black "Eggleston, David"]
[Result "1/2-1/2"]
[WhiteElo "2242"]
[BlackElo "2357"]
[PlyCount "81"]
[EventDate "2009.10.24"]
[EventType "team-tourn"]
[EventRounds "4"]
[EventCountry "ENG"]
[SourceTitle "EXT 2010"]
[Source "ChessBase"]
[SourceDate "2010.11.25"]
[SourceVersion "1"]
[SourceVersionDate "2010.11.25"]
[SourceQuality "1"]
[WhiteTeam "Kings Head"]
[BlackTeam "Cheddleton"]
[WhiteTeamCountry "ENG"]
[BlackTeamCountry "ENG"]

1. e4 c5 2. Nf3 d6 3. d4 cxd4 4. Nxd4 Nf6 5. Nc3 a6 6. Be2 e5 7. Nb3 Be7 8. 0-0 0-0 9. Be3 Be6 10. Qd2 Nc6 11. a4 d5 12. exd5 Nxd5 13. Nxd5 Bxd5 14. Rfd1 Be6 15. Nc5 Bxc5 16. Bxc5 Re8 17. Qxd8 Raxd8 18. Bb6 Rc8 19. Rd2 Nb4 20. Bf3 Rxc2 21. Rxc2 Nxc2 22. Rd1 Bc8 23. Be4 Nd4 24. Bxd4 Rd8 25. Kf1 exd4 26. Ke2 f5 27. Bf3 b6 28. Rc1 Bd7 29. Bc6 Be6 30. Bb7 b5 31. Bxa6 bxa4 32. Bc4 Bxc4+ 33. Rxc4 d3+ 34. Kd2 Rb8 35. Rxa4 Rxb2+ 36. Ke1 Rb1+ 37. Kd2 Rh1 38. Rh4 Rg1 39. g3 Rg2 40. Rf4 g6 41. h4 1/2-1/2

[Event "Hastings Masters op 85th"]
[Site "Hastings"]
[Date "2010.01.05"]
[Round "9"]
[White "Foord, Dominic"]
[Black "Kwiatkowski, Feliks Jerzy"]
[Result "1/2-1/2"]
[WhiteElo "2051"]
[BlackElo "2248"]
[PlyCount "81"]
[EventDate "2009.12.28"]
[EventType "swiss"]
[EventRounds "9"]
[EventCountry "ENG"]
[SourceTitle "CBM 134 Extra"]
[Source "ChessBase"]
[SourceDate "2010.03.03"]
[SourceVersion "1"]
[SourceVersionDate "2010.03.03"]
[SourceQuality "1"]

1. d4 Nf6 2. c4 e6 3. Nc3 Bb4 4. Qc2 0-0 5. a3 Bxc3+ 6. Qxc3 b6 7. Bg5 Bb7 8. e3 d6 9. Ne2 Nbd7 10. Qd3 h6 11. Bh4 c5 12. d5 Ne5 13. Qc2 exd5 14. cxd5 Bxd5 15. Nc3 Bc6 16. e4 Ng6 17. Bxf6 Qxf6 18. 0-0-0 Rad8 19. f3 Nf4 20. Bc4 Ne6 21. Nd5 Bxd5 22. Bxd5 Nd4 23. Qd2 Qf4 24. Kb1 Qxd2 25. Rxd2 Rfe8 26. Rc1 Re7 27. f4 Ne6 28. Rf1 Nc7 29. Bc6 Ne6 30. h4 Nd4 31. Bd5 Kf8 32. f5 Re5 33. g4 Ke7 34. g5 hxg5 35. hxg5 f6 36. gxf6+ Kxf6 37. Rg2 Re7 38. Rg6+ Ke5 39. Rg5 Kf6 40. Rg6+ Ke5 41. Rg5 1/2-1/2

[Event "BCF-chT2a 0910 (4NCL)"]
[Site "England"]
[Date "2009.10.25"]
[Round "2.2"]
[White "Yeo, Michael J"]
[Black "Kwiatkowski, Feliks Jerzy"]
[Result "1/2-1/2"]
[WhiteElo "2153"]
[BlackElo "2248"]
[PlyCount "77"]
[EventDate "2009.10.24"]
[EventType "team-tourn"]
[EventRounds "7"]
[EventCountry "ENG"]
[SourceTitle "EXT 2010"]
[Source "ChessBase"]
[SourceDate "2010.11.25"]
[SourceVersion "1"]
[SourceVersionDate "2010.11.25"]
[SourceQuality "1"]
[WhiteTeam "Wessex"]
[BlackTeam "Kings Head"]
[WhiteTeamCountry "ENG"]
[BlackTeamCountry "ENG"]

1. e4 c5 2. Nf3 Nc6 3. d4 cxd4 4. Nxd4 Nf6 5. Nc3 e5 6. Ndb5 d6 7. Bg5 a6 8. Na3 b5 9. Bxf6 gxf6 10. Nd5 f5 11. Bd3 Be6 12. c3 Bg7 13. Nxb5 axb5 14. Bxb5 Bd7 15. exf5 0-0 16. 0-0 e4 17. a4 Re8 18. Re1 Re5 19. Ne3 Ne7 20. Bxd7 Qxd7 21. f6 Bxf6 22. Qg4+ Qxg4 23. Nxg4 Re6 24. Nxf6+ Rxf6 25. Rxe4 Re6 26. Rxe6 fxe6 27. a5 Nd5 28. Kf1 Kf7 29. Ke2 Ke7 30. Kd3 Kd7 31. c4 Nc7 32. b4 d5 33. f4 dxc4+ 34. Kxc4 Kc6 35. Re1 Kd6 36. Ra1 Kc6 37. Re1 Kd6 38. Ra1 Kc6 39. Re1 1/2-1/2

[Event "BCF-chT2c 0809 (4NCL) Promotion pool"]
[Site "Hinckley Island"]
[Date "2009.03.22"]
[Round "8.4"]
[White "Kwiatkowski, Feliks Jerzy"]
[Black "Borman, Philip"]
[Result "1/2-1/2"]
[WhiteElo "2224"]
[BlackElo "2219"]
[PlyCount "87"]
[EventDate "2008.10.04"]
[EventType "team-tourn"]
[EventRounds "4"]
[EventCountry "ENG"]
[SourceTitle "EXT 2010"]
[Source "ChessBase"]
[SourceDate "2010.11.25"]
[SourceVersion "1"]
[SourceVersionDate "2010.11.25"]
[SourceQuality "1"]
[WhiteTeam "Kings Head"]
[BlackTeam "Poisoned Pawns"]
[WhiteTeamCountry "ENG"]
[BlackTeamCountry "ENG"]

1. e4 g6 2. d4 Bg7 3. Nc3 d6 4. Be3 a6 5. Qd2 b5 6. 0-0-0 Nd7 7. f4 Bb7 8. a3 Ngf6 9. Bd3 Ng4 10. Nf3 Nxe3 11. Qxe3 c5 12. dxc5 Bxc3 13. bxc3 Nxc5 14. e5 0-0 15. f5 Bxf3 16. gxf3 Qa5 17. Kd2 Na4 18. e6 Nxc3 19. Qh6 Nxd1+ 20. Kxd1 Qc3 21. exf7+ Rxf7 22. fxg6 hxg6 23. Qxg6+ Rg7 24. Qe6+ Kf8 25. Re1 Qc5 26. Qh6 Qg5 27. Qh8+ Rg8 28. Qd4 Rg7 29. h4 Qg3 30. Qe4 Rd8 31. h5 d5 32. Qe2 Qf4 33. Bg6 Rd6 34. Qf2 e5 35. Qc5 Rgd7 36. Qc8+ Kg7 37. Bd3 Qxf3+ 38. Kc1 Qf4+ 39. Kb1 Rd8 40. h6+ Qxh6 41. Qg4+ Kh8 42. Rxe5 Rg8 43. Qd4 Rf6 44. Rh5 1/2-1/2